| 000 | 00654nam a22002297a 4500 | ||
|---|---|---|---|
| 999 |
_c172901 _d172901 |
||
| 003 | dpl | ||
| 005 | 20200214133137.0 | ||
| 008 | 200214b ||||| |||| 00| 0 eng d | ||
| 010 | _aB-225952 | ||
| 020 |
_a0195683633 _c295.00 |
||
| 035 | _aB-225952 | ||
| 040 | _c0 | ||
| 050 |
_aS _bDIG |
||
| 082 |
_aS _bDIG |
||
| 100 | _aDigby, Simon | ||
| 245 |
_aWonder-Tales of South Asia _cSimon, Digby _hEng |
||
| 246 |
_aWonder-Tales of South Asia _hEng |
||
| 260 |
_aNew Delhi _bOxford University Press _c2000 |
||
| 270 |
_aYMCA Library Building, Jai SIngh Road _bNew Delhi _dIndia _e110001 |
||
| 300 |
_a303 _c16cm |
||
| 942 |
_2ddc _cEN _hS _iDIG _kS _mDIG |
||